000 01144naa a22003377a 4500
001 BR6009723
003 BR-BrBNA
005 20240918173103.0
007 ta
008 230509b bl.||||| |||| 00| 0 por d
040 _aBR-BrBNA
_bpor
_cBiblioteca Nacional de Agricultura
041 _a(Pt)
072 _aS30
_b0120
_bG514
090 _aS30 BR6009723
100 1 _aMello, A.V. de
100 1 _aLucena, M.A.F. de
100 1 _aVieira, R.
111 1 _a9. Reuniao Brasileira do Milho
_cRecife, PE (Brazil)
_d24 Jul 1972
245 1 _aSuplemantacao alimentar supervisada com opaco-2 [Alimentacao; Milho; Zea mays; Brasil]
260 3 _aRecife, PE (Brasil):
_c1972.
500 _aAnais da 9. Reuniao Brasileira do Milho Recife, PE (Brasil): 1972. p. 266-272 (BR6009723-AM)S30
650 _aAlimentacao
650 _aMilho
650 _aNutricao
650 _aConsumo alimentar
650 _aDeficiencia nutricional
650 _aSuplemento alimentar
773 0 _tAnais da 9. Reuniao Brasileira do Milho
_wS30 BR6009723
_gRecife, PE (Brasil), 1972. p. 266-272
909 _a202404
_bLucia
_c55
_dLucia Elande
942 _cAM
_2AGRIS
999 _c302805
_d302805